| 000 | 00000nam##2200000za#4500 |
| 001 | 9.649270 |
| 003 | CaOODSP |
| 005 | 20240527135428 |
| 007 | ta |
| 008 | 150407|2004||||xxc||||| f|0| 0 eng|d |
| 020 | |a0-662-37111-9 |
| 040 | |aCaOODSP|beng |
| 043 | |an-cn--- |
| 086 | 1 |aCW66-239/2004E |
| 110 | 2 |aCanadian Wildlife Service. |
| 245 | 14|aThe Ecological Gifts Program - confirmation that ecogifts are eligible for split-receipting |
| 260 | |aOttawa - Ontario : |bEnvironment Canada. |c2004. |
| 300 | |a2p. : |bphotographs ; |c28 cm. |
| 500 | |aFor more information, please contact the Ecological Gifts Program: ecogifts@ec.gc.ca |
| 563 | |aPamphlet |
| 590 | |a07-32|b2007-08-10 |
| 690 | 07|aEnvironmental programs|2gcpds |
| 690 | 07|aConservation areas|2gcpds |
| 690 | 07|aDonations|2gcpds |
| 690 | 07|aTaxation regulations|2gcpds |
| 775 | 08|tLe Programme des dons écologiques - confirmation que les dons écologiques sont admissibles pour une partie de la valeur |w(CaOODSP)9.682515 |
| 776 | 0#|tThe Ecological Gifts Program - confirmation that ecogifts are eligible for split-receipting |w(CaOODSP)9.686956 |